THE FIRST SAMURAI - GRAPHIC NOVEL - BOOK 12 (Record no. 3085)

MARC details
000 -LEADER
fixed length control field 00237nam a22001097a 4500
020 ## - INTERNATIONAL STANDARD BOOK NUMBER
ISBN 6781187074346
082 ## - DEWEY DECIMAL CLASSIFICATION NUMBER
Classification number K760
100 ## - MAIN ENTRY--AUTHOR NAME
Personal name STILTON, GERONIMO
245 ## - TITLE STATEMENT
Title THE FIRST SAMURAI - GRAPHIC NOVEL - BOOK 12
300 ## - PHYSICAL DESCRIPTION
Number of Pages 56P
942 ## - ADDED ENTRY ELEMENTS (KOHA)
Koha item type Books
Holdings
Home library Current library Shelving location Date acquired Cost, normal purchase price Full call number Accession Number Koha item type
Beautiful Minds Library Beautiful Minds Library General Stacks 30/11/2016 7.99 K760 GERO E2084 Books
analytics